New directions in educational technology

Αποθηκεύτηκε σε:
Λεπτομέρειες βιβλιογραφικής εγγραφής
Άλλοι συγγραφείς: Scanlon, Eileen (Επιμελητής έκδοσης), O'Shea, Tim 1949- (Επιμελητής έκδοσης)
Μορφή: Βιβλίο
Γλώσσα:English
Δημοσίευση: Berlin, Heidelberg : Springer-Verlag, 1992
Σειρά:NATO ASI series. Computer and systems sciences ; ; 96; Series F
Θέματα:
Ετικέτες: Προσθήκη ετικέτας
Δεν υπάρχουν, Καταχωρήστε ετικέτα πρώτοι!

MARC

LEADER 00000nam a2200000 i 4500
001 1/42171
008 960208s1992 eng d
020 |a 0-387-55883-7 
020 |a 3-540-55883-7 
035 |l 10025544 
040 |a GR-MY-UA  |b gre  |e aacr 
041 0 |a eng 
082 0 |a 371.3078 
245 1 0 |a New directions in educational technology /  |c edited by Eileen Scanlon, Tim O'Shea 
260 |a Berlin, Heidelberg :   |b Springer-Verlag,   |c 1992 
300 |a 251 p. 
490 1 |a NATO ASI series. Computer and systems sciences  |v ; 96; Series F 
500 |a Includes bibliographical references 
650 0 0 |a Educational technology. 
700 1 |a Scanlon, Eileen.  |4 edt 
700 1 |a O'Shea, Tim  |d 1949-  |4 edt 
830 0 |a NATO ASI series. Computer and systems sciences ;  |v ; 96; Series F 
852 |a INST  |b CHIOS  |e 19960208  |h 371.3078 NEW  |p 005200003684  |q 005200003684  |t BK  |y 0 
852 |a INST  |b RHODES  |e 19990528  |h 371.3078 NEW  |p 005400015145  |q 005400015145  |t BK  |y 0 
901 |a BIBL4-1999-2 
909 |a Χ  |b 037531 
909 |a Ρ  |b 065139  |c 1999 
922 |a 4ΕΛΗ  |b 199903  |d LEADER